[Event "Weekend Festa della Repubblica A"]
[Site "Milano ITA"]
[Date "2012.06.03"]
[Round "5"]
[White "Marchini, Daniele"]
[Black "Virzi, Ettore"]
[Result "0-1"]
[WhiteElo "1846"]
[BlackElo "1943"]
[PlyCount "82"]
[EventDate "2012.05.31"]

1. d4 Nf6 2. c4 g6 3. Nc3 d5 4. cxd5 Nxd5 5. e4 Nxc3 6. bxc3 Bg7 7. Bc4 c5 8.
Ne2 Nc6 9. Be3 O-O 10. O-O Na5 11. Bd3 b6 12. Rb1 cxd4 13. cxd4 e6 14. e5 Bb7
15. Qd2 Rc8 16. Rfc1 Rxc1+ 17. Rxc1 Qd7 18. Nc3 a6 19. Ne4 Bxe4 20. Bxe4 Rc8
21. Bf3 Nc4 22. Qd3 Nxe3 23. Rxc8+ Qxc8 24. Qxe3 Qc2 25. Be2 Qxa2 26. Qe4 Qa1+
27. Bf1 a5 28. f4 Bf8 29. g4 a4 30. d5 a3 31. d6 a2 32. Qa4 Qb1 33. d7 Bc5+ 34.
Kg2 Qb2+ 35. Kh3 Qc3+ 36. Kh4 Be7+ 37. g5 a1=Q 38. d8=Q+ Bxd8 39. Qe8+ Kg7 40.
Qxd8 Qce1+ 41. Kg4 Qad1+ 0-1

[Event "Weekend Festa della Repubblica A"]
[Site "Milano ITA"]
[Date "2012.06.03"]
[Round "5"]
[White "Motola, Jacopo"]
[Black "Bemporad, Filippo"]
[Result "1/2-1/2"]
[WhiteElo "1937"]
[BlackElo "2078"]
[PlyCount "147"]
[EventDate "2012.05.31"]

1. e4 c5 2. c3 d5 3. exd5 Qxd5 4. d4 Nf6 5. Nf3 Nc6 6. Be2 Bg4 7. h3 Bh5 8. Be3
cxd4 9. cxd4 e6 10. Nc3 Qa5 11. O-O Be7 12. Ne5 Bxe2 13. Nxc6 Bxd1 14. Nxa5 Bc2
15. Rac1 Bg6 16. Nb5 O-O 17. Rfd1 Nd5 18. Bd2 Bf6 19. Be1 Nf4 20. Rc7 a6 21.
Nd6 Ne2+ 22. Kf1 Nxd4 23. Bc3 Nb5 24. Nxb5 axb5 25. Bxf6 gxf6 26. b4 b6 27. Nc6
Rxa2 28. Rdd7 Rb2 29. f3 Ra8 30. Ra7 Rxa7 31. Rxa7 Rc2 32. Ne7+ Kg7 33. Rb7 Rc4
34. Rxb6 Rxb4 35. Nc6 Rb2 36. Rb7 Kh6 37. Nd8 Kg5 38. Nxf7+ Kf4 39. Nd6 Kg3 40.
Ne4+ Bxe4 41. fxe4 Kf4 42. Rxh7 Kxe4 43. h4 Ke3 44. Kg1 Kf4 45. Rg7 Rc2 46. h5
Rc5 47. g4 Rc8 48. Rg6 e5 49. Rxf6+ Kxg4 50. Rb6 Kg3 51. Kf1 Kf3 52. Rf6+ Ke3
53. Rb6 Rc5 54. h6 e4 55. h7 Rf5+ 56. Kg2 Rh5 57. Rxb5 Rxh7 58. Rb3+ Kd2 59.
Rb2+ Kc3 60. Rb8 Rf7 61. Ra8 Kd3 62. Ra3+ Kd2 63. Ra2+ Ke3 64. Ra3+ Kf4 65. Kf2
Rh7 66. Ke2 Rh2+ 67. Ke1 Rb2 68. Rc3 Ke5 69. Ra3 Kd4 70. Rh3 Rb5 71. Ke2 Ra5
72. Rg3 Ra2+ 73. Ke1 Rb2 74. Ra3 1/2-1/2

[Event "Weekend Festa della Repubblica A"]
[Site "Milano ITA"]
[Date "2012.06.03"]
[Round "5"]
[White "Mouflih, Caesar Faycal"]
[Black "Cattaneo, Marco"]
[Result "0-1"]
[WhiteElo "1982"]
[BlackElo "2009"]
[PlyCount "62"]
[EventDate "2012.05.31"]

1. e4 c5 2. Nf3 d6 3. d4 cxd4 4. Nxd4 Nf6 5. Nc3 g6 6. Be3 Bg7 7. f3 O-O 8. Qd2
Nc6 9. O-O-O d5 10. Nxc6 bxc6 11. Bh6 Qa5 12. Bxg7 Kxg7 13. exd5 cxd5 14. Qd4
Rd8 15. g4 Kg8 16. h4 Be6 17. h5 Rab8 18. hxg6 fxg6 19. Qe5 Qb6 20. Na4 Qc6 21.
b3 Rbc8 22. Bd3 d4 23. Rde1 Rd6 24. g5 Nh5 25. Rh4 Bf5 26. Bxf5 gxf5 27. Qxf5
d3 28. Rc4 d2+ 29. Kd1 dxe1=Q+ 30. Kxe1 Re6+ 31. Kf2 Qd7 0-1

[Event "Weekend Festa della Repubblica A"]
[Site "Milano ITA"]
[Date "2012.06.03"]
[Round "5"]
[White "Pierandrei, Cristiano"]
[Black "Guzzetti, Luigi Enrico"]
[Result "1-0"]
[WhiteElo "1955"]
[BlackElo "1965"]
[PlyCount "67"]
[EventDate "2012.05.31"]

1. Nf3 Nf6 2. c4 g6 3. d4 Bg7 4. Nc3 O-O 5. e4 d6 6. Be2 c6 7. O-O Qc7 8. Bf4
Nbd7 9. c5 Nh5 10. cxd6 exd6 11. Bg5 Re8 12. Rc1 Nhf6 13. Bd3 a6 14. a4 Nf8 15.
h3 Ne6 16. Be3 Qd8 17. b4 Bd7 18. Qb3 h6 19. a5 Nh7 20. d5 Neg5 21. Nh2 Bxc3
22. Qxc3 Nxe4 23. Bxe4 Rxe4 24. f3 Rh4 25. Ng4 Bxg4 26. fxg4 Ng5 27. Bb6 Qf8
28. Qg3 Nxh3+ 29. gxh3 g5 30. Rf5 Qg7 31. Qc3 Qg6 32. Bf2 h5 33. Bxh4 gxh4 34.
Rxh5 1-0

[Event "Weekend Festa della Repubblica A"]
[Site "Milano ITA"]
[Date "2012.06.03"]
[Round "5"]
[White "Van Hoolandt, Patrick"]
[Black "Bosi, Clint"]
[Result "1-0"]
[WhiteElo "2139"]
[BlackElo "2045"]
[PlyCount "75"]
[EventDate "2012.05.31"]

1. d4 f5 2. g3 Nf6 3. Bg2 g6 4. Nf3 Bg7 5. O-O O-O 6. c4 d6 7. Nc3 c6 8. d5 e5
9. dxe6 Bxe6 10. Qd3 Na6 11. Bf4 d5 12. Ng5 Nc5 13. Qc2 dxc4 14. Na4 Nfd7 15.
Rad1 Qf6 16. Rd6 Rfe8 17. Nxe6 Rxe6 18. Nxc5 Nxc5 19. Qxc4 Rae8 20. Qxc5 Rxd6
21. Bxd6 Rxe2 22. Qc4+ Qe6 23. Qxe6+ Rxe6 24. Bf4 Re2 25. Rb1 Rxb2 26. Rxb2
Bxb2 27. Kf1 Kf7 28. Ke2 a6 29. Kd3 Ke6 30. Kc4 Ba3 31. Be3 Bd6 32. Bb6 Kf6 33.
Kd4 Ke6 34. f4 Bb4 35. Bf1 Bd6 36. Bc4+ Kf6 37. Bd8+ Kg7 38. Be6 1-0

[Event "Weekend Festa della Repubblica A"]
[Site "Milano ITA"]
[Date "2012.06.03"]
[Round "5"]
[White "Villalba, Fernando"]
[Black "Corso, Gabriele"]
[Result "0-1"]
[WhiteElo "1862"]
[BlackElo "1800"]
[PlyCount "68"]
[EventDate "2012.05.31"]

1. d4 d5 2. Nf3 Nf6 3. Bf4 Bf5 4. e3 e6 5. c3 c5 6. Bxb8 Qxb8 7. Bb5+ Kd8 8.
dxc5 Bxc5 9. Nbd2 a6 10. Be2 Ke7 11. Nb3 Bb6 12. Nbd4 Bg6 13. O-O Re8 14. Qa4
Bc7 15. h3 Kf8 16. Qd1 Kg8 17. Rc1 b5 18. a4 bxa4 19. Nh4 Qxb2 20. Nxg6 hxg6
21. Qxa4 Qb6 22. Nf3 Ne4 23. Qb4 Rec8 24. Bd3 Nc5 25. Bc2 a5 26. Qd4 Bd8 27.
Qg4 Nd7 28. Rb1 Qd6 29. Qd4 Bf6 30. Qd1 Bxc3 31. e4 d4 32. Ng5 Qc5 33. Bb3 Qxg5
34. f4 Qg3 0-1

[Event "Weekend Festa della Repubblica A"]
[Site "Milano ITA"]
[Date "2012.06.03"]
[Round "5"]
[White "Zuliani, Francesco"]
[Black "Gemelli, Giovanni"]
[Result "1/2-1/2"]
[WhiteElo "1770"]
[BlackElo "1783"]
[PlyCount "111"]
[EventDate "2012.05.31"]

1. e4 c5 2. c3 Nf6 3. e5 Nd5 4. d4 cxd4 5. cxd4 Nc6 6. Nf3 d6 7. Bc4 Nb6 8. Bb5
Bg4 9. d5 a6 10. dxc6 axb5 11. cxb7 Rb8 12. Qb3 Bxf3 13. Qxf3 Qc7 14. Nc3 b4
15. exd6 exd6 16. Qe4+ Qe7 17. Qxe7+ Bxe7 18. Ne4 Rxb7 19. Bf4 d5 20. Ng3 Bf6
21. O-O O-O 22. Rab1 Na4 23. Rfd1 Bxb2 24. Rxb2 Nxb2 25. Rxd5 Re8 26. Rd2 Nc4
27. Rd4 Na5 28. Bd2 Nc6 29. Rc4 Rd7 30. Nf1 Ne5 31. Rxb4 Ra7 32. Bc3 f6 33. Rb2
Rc7 34. Bd4 Rd8 35. Bb6 Rb7 36. Bxd8 Rxb2 37. a4 Ra2 38. g3 Rxa4 39. Bb6 Ra1
40. Kg2 Nc4 41. Bc5 Kf7 42. Bb4 Ra2 43. Bc5 Ke6 44. Ne3 Nxe3+ 45. Bxe3 Ke5 46.
Kf3 Ra3 47. h4 f5 48. Kg2 Rxe3 49. fxe3 Ke4 50. Kf2 g6 51. Ke2 h6 52. Kf2 g5
53. h5 Ke5 54. Ke2 g4 55. Kd3 Kd5 56. Kd2 1/2-1/2

[Event "Weekend Festa della Repubblica A"]
[Site "Milano ITA"]
[Date "2012.06.03"]
[Round "6"]
[White "Beccari, Paolo"]
[Black "Zuliani, Francesco"]
[Result "1/2-1/2"]
[WhiteElo "1807"]
[BlackElo "1770"]
[PlyCount "55"]
[EventDate "2012.05.31"]

1. e4 c5 2. Nf3 d6 3. d4 cxd4 4. Nxd4 Nf6 5. Nc3 a6 6. Bg5 e6 7. Bc4 Be7 8. Bb3
h6 9. Be3 O-O 10. O-O e5 11. Nde2 b5 12. Nd5 Nbd7 13. Nec3 Bb7 14. f3 Nc5 15.
Nxe7+ Qxe7 16. Nd5 Nxd5 17. Bxd5 Rfd8 18. Rf2 Bxd5 19. Qxd5 Rac8 20. b3 Qc7 21.
Rd1 Qa5 22. Rfd2 Qxa2 23. c3 Qa3 24. b4 Qxc3 25. Bxc5 dxc5 26. Qb7 Rxd2 27.
Qxc8+ Kh7 28. Qf5+ 1/2-1/2

[Event "Weekend Festa della Repubblica A"]
[Site "Milano ITA"]
[Date "2012.06.03"]
[Round "6"]
[White "Bemporad, Filippo"]
[Black "Virzi, Ettore"]
[Result "1-0"]
[WhiteElo "2078"]
[BlackElo "1943"]
[PlyCount "131"]
[EventDate "2012.05.31"]

1. d4 Nf6 2. Nf3 g6 3. g3 Bg7 4. Bg2 d5 5. O-O O-O 6. b3 c5 7. Bb2 cxd4 8. Nxd4
Nc6 9. Nd2 Qb6 10. N2f3 Nd7 11. Nxc6 bxc6 12. Bxg7 Kxg7 13. Qd4+ e5 14. Qb2 f6
15. Rfd1 Ba6 16. e3 Rfe8 17. Rac1 Rad8 18. c3 Nc5 19. Qc2 Bd3 20. Qb2 Bf5 21.
Ra1 e4 22. Ne1 Nd7 23. Rd4 Ne5 24. h3 c5 25. Rd2 h5 26. Rad1 Nd3 27. Nxd3 exd3
28. c4 dxc4 29. bxc4 Qxb2 30. Rxb2 Rb8 31. Rbd2 Be6 32. Rxd3 Bxc4 33. Rd7+ Kh6
34. Rxa7 Rb2 35. Rc1 Rxa2 36. Rxa2 Bxa2 37. Rxc5 Bb1 38. Bf3 Be4 39. Bxe4 Rxe4
40. Kg2 Ra4 41. Rc2 Rb4 42. Rc6 f5 43. Rd6 Ra4 44. Rd4 Ra3 45. Kf3 Ra2 46. g4
hxg4+ 47. hxg4 Kg5 48. Kg3 fxg4 49. Rxg4+ Kf6 50. Rb4 Ra3 51. Kf4 Ra5 52. Rb6+
Kf7 53. e4 Rc5 54. Rd6 Rh5 55. Kg4 Re5 56. f3 Kg7 57. Rd5 Re6 58. Kg5 Ra6 59.
e5 Ra3 60. Rd7+ Kf8 61. f4 Ke8 62. Rb7 Rg3+ 63. Kf6 Rf3 64. Rb4 Rg3 65. e6 Kd8
66. e7+ 1-0

[Event "Weekend Festa della Repubblica A"]
[Site "Milano ITA"]
[Date "2012.06.03"]
[Round "6"]
[White "Bosi, Clint"]
[Black "Guzzetti, Luigi Enrico"]
[Result "1-0"]
[WhiteElo "2045"]
[BlackElo "1965"]
[PlyCount "107"]
[EventDate "2012.05.31"]

1. f4 Nf6 2. Nf3 g6 3. g3 Bg7 4. Bg2 d6 5. d3 O-O 6. e4 c6 7. Nc3 Qc7 8. Qe2 e5
9. O-O Nbd7 10. Nh4 h6 11. f5 g5 12. Nf3 b5 13. g4 b4 14. Nd1 d5 15. h4 dxe4
16. dxe4 Nc5 17. Ne1 Ba6 18. Nd3 Rfd8 19. N1f2 gxh4 20. g5 hxg5 21. Bxg5 Nxd3
22. cxd3 Qd6 23. Rad1 Rd7 24. Kh2 Nh7 25. Be3 Nf6 26. Rg1 c5 27. b3 Kf8 28. Bf1
Ne8 29. Qh5 Ke7 30. Qh7 Bf6 31. Rg8 Nc7 32. Rc1 c4 33. Rxa8 Nxa8 34. dxc4 Rd8
35. Rd1 Qc7 36. Rxd8 Qxd8 37. Bc5+ Kd7 38. Qxf7+ Be7 39. Qxe7+ Qxe7 40. Bxe7
Kxe7 41. Nd3 Bb7 42. Bg2 Nb6 43. Nxb4 Nd7 44. Nd3 Nf6 45. Nc5 Bc6 46. Kh3 a5
47. a3 Nh5 48. Kxh4 Nf4 49. Bf1 Kd6 50. b4 axb4 51. axb4 Be8 52. Kg5 Bh5 53.
Nd3 Nxd3 54. Bxd3 1-0

[Event "Weekend Festa della Repubblica A"]
[Site "Milano ITA"]
[Date "2012.06.03"]
[Round "6"]
[White "Cattaneo, Marco"]
[Black "Pierandrei, Cristiano"]
[Result "1-0"]
[WhiteElo "2009"]
[BlackElo "1955"]
[PlyCount "63"]
[EventDate "2012.05.31"]

1. d4 Nf6 2. Nf3 g6 3. c4 Bg7 4. Nc3 d5 5. cxd5 Nxd5 6. e4 Nxc3 7. bxc3 c5 8.
Rb1 O-O 9. Be2 cxd4 10. cxd4 Qa5+ 11. Bd2 Qxa2 12. O-O Bg4 13. Bg5 h6 14. Be3
Nc6 15. d5 Rfd8 16. Rxb7 e6 17. d6 Bf8 18. d7 e5 19. Bb5 Nd4 20. Bxd4 Bxf3 21.
gxf3 exd4 22. Qxd4 Bg7 23. e5 Qe6 24. Re1 a6 25. Ba4 Qf5 26. Qd5 Bf8 27. Bb3 a5
28. e6 Qxd5 29. Bxd5 fxe6 30. Rxe6 Kg7 31. Rc7 Rab8 32. Re8 1-0

[Event "Weekend Festa della Repubblica A"]
[Site "Milano ITA"]
[Date "2012.06.03"]
[Round "6"]
[White "Coppola, Federico"]
[Black "Bisignano, Giuseppe"]
[Result "0-1"]
[WhiteElo "1853"]
[BlackElo "1877"]
[PlyCount "64"]
[EventDate "2012.05.31"]

1. e4 e5 2. Nf3 Nc6 3. Bb5 a6 4. Bxc6 dxc6 5. O-O f6 6. d3 Bc5 7. Qe2 Bg4 8. h3
Be6 9. Be3 Qe7 10. Nbd2 g5 11. d4 exd4 12. Bxd4 O-O-O 13. Qe3 Bxd4 14. Nxd4 Qd6
15. Nxe6 Qxe6 16. Nf3 Kb8 17. Rfd1 Ne7 18. Nd4 Qe5 19. Rd2 c5 20. Nf3 Qe6 21.
Qxc5 Rxd2 22. Nxd2 Ng6 23. Qe3 Re8 24. a3 Nf4 25. Re1 Qc6 26. c3 Rd8 27. Nf3
Rd3 28. Nd4 Qd7 29. Qc1 Rxh3 30. Nf5 Rd3 31. Ne3 Rd2 32. Kf1 Qd3+ 0-1

[Event "Weekend Festa della Repubblica A"]
[Site "Milano ITA"]
[Date "2012.06.03"]
[Round "6"]
[White "D'Avino, Gianfranco"]
[Black "Bonazzi, Edoardo"]
[Result "0-1"]
[WhiteElo "1843"]
[BlackElo "2139"]
[PlyCount "142"]
[EventDate "2012.05.31"]

1. d4 Nf6 2. c4 c5 3. d5 b5 4. cxb5 a6 5. bxa6 Bxa6 6. Nc3 d6 7. e4 Bxf1 8.
Kxf1 g6 9. g3 Bg7 10. Kg2 Nbd7 11. Nf3 O-O 12. Re1 Ng4 13. Qe2 Nge5 14. Nxe5
Nxe5 15. f4 Nd7 16. Bd2 Qb6 17. b3 Rfb8 18. Rac1 Qa6 19. Qxa6 Rxa6 20. Rc2 Nb6
21. e5 Kf8 22. Bc1 Rd8 23. Rd2 dxe5 24. fxe5 Bh6 25. Rd3 Bxc1 26. Rxc1 c4 27.
bxc4 Nxc4 28. Re1 Ra3 29. Rf3 Rc8 30. e6 f6 31. Ne4 Rxa2+ 32. Rf2 Rxf2+ 33.
Kxf2 Ne5 34. Re2 f5 35. Ng5 Ng4+ 36. Kg2 Nf6 37. d6 exd6 38. e7+ Ke8 39. Re6
Ne4 40. Nxe4 fxe4 41. Rxe4 Kd7 42. Rh4 h5 43. Kf3 Rc3+ 44. Ke2 Kxe7 45. Kd2 Ra3
46. Ke2 Ke6 47. Kd2 Ke5 48. Ke2 d5 49. Kd2 Rf3 50. Ke2 Rc3 51. Kd2 Rc4 52. g4
Rxg4 53. Rh3 Rg2+ 54. Kd3 Ra2 55. Rh4 Kf5 56. Ke3 Kg5 57. Rd4 Rxh2 58. Rxd5+
Kg4 59. Rd4+ Kh3 60. Rd5 Rg2 61. Kf4 Rg4+ 62. Kf3 Rg3+ 63. Kf2 g5 64. Kf1 h4
65. Rd8 Rf3+ 66. Kg1 Kg3 67. Rd2 h3 68. Rg2+ Kf4 69. Ra2 g4 70. Ra4+ Kg3 71.
Ra2 h2+ 0-1

[Event "Weekend Festa della Repubblica A"]
[Site "Milano ITA"]
[Date "2012.06.03"]
[Round "6"]
[White "D'Avino, Luca"]
[Black "Franceschetti, Nando"]
[Result "1-0"]
[WhiteElo "1869"]
[BlackElo "1842"]
[PlyCount "41"]
[EventDate "2012.05.31"]

1. d4 Nf6 2. c4 c5 3. d5 b5 4. cxb5 a6 5. bxa6 Bxa6 6. Nc3 g6 7. Nf3 d6 8. e4
Bxf1 9. Kxf1 Bg7 10. g3 O-O 11. Kg2 Nbd7 12. Re1 Ng4 13. Qe2 Re8 14. Nd2 h5 15.
h3 Nh6 16. Nc4 Kh7 17. g4 h4 18. g5 Ng8 19. Qg4 Ngf6 20. gxf6 Nxf6 21. Qxh4+
1-0

[Event "Weekend Festa della Repubblica A"]
[Site "Milano ITA"]
[Date "2012.06.03"]
[Round "6"]
[White "Gemelli, Giovanni"]
[Black "Villalba, Fernando"]
[Result "1/2-1/2"]
[WhiteElo "1783"]
[BlackElo "1862"]
[PlyCount "57"]
[EventDate "2012.05.31"]

1. e4 c5 2. Nf3 Nc6 3. d4 cxd4 4. Nxd4 g6 5. Nc3 Bg7 6. Be3 Nf6 7. f3 O-O 8.
Qd2 d5 9. Nxc6 bxc6 10. O-O-O Qa5 11. Kb1 dxe4 12. Nxe4 Qxd2 13. Nxf6+ Bxf6 14.
Rxd2 Be6 15. Be2 Rfb8 16. b3 a5 17. Bd4 Bg5 18. Rdd1 a4 19. Be5 axb3 20. axb3
Rc8 21. f4 Bh6 22. g3 Bd5 23. Rhf1 f6 24. Bb2 f5 25. Bf3 e6 26. c4 Bxf3 27.
Rxf3 Re8 28. Kc2 Bf8 29. Rfd3 1/2-1/2

[Event "Weekend Festa della Repubblica A"]
[Site "Milano ITA"]
[Date "2012.06.03"]
[Round "6"]
[White "Gozzini, Giambattista"]
[Black "Mouflih, Caesar Faycal"]
[Result "0-1"]
[WhiteElo "1865"]
[BlackElo "1982"]
[PlyCount "98"]
[EventDate "2012.05.31"]

1. e4 e5 2. Nf3 Nc6 3. Bb5 a6 4. Bxc6 dxc6 5. O-O f6 6. d4 exd4 7. Qxd4 Qxd4 8.
Nxd4 Bd7 9. Be3 O-O-O 10. c3 Ne7 11. Nd2 c5 12. Nc2 Nc6 13. f4 Bd6 14. Rfe1
Rhe8 15. g3 Re7 16. Kg2 Rde8 17. Bf2 g5 18. e5 fxe5 19. fxg5 e4 20. Nc4 Ne5 21.
Nxe5 Rxe5 22. Be3 Bg4 23. Bf4 Rd5 24. Be3 Rd8 25. Rf1 Bf3+ 26. Rxf3 exf3+ 27.
Kxf3 Be7 28. h4 Rd1 29. Rxd1 Rxd1 30. h5 Kd7 31. Kg4 Ke6 32. Bf4 Rb1 33. Ne3
Rxb2 34. Nf5 Rxa2 35. Nxe7 Kxe7 36. Be5 Kf7 37. Bxc7 Rh2 38. Bb6 c4 39. Ba5 Ra2
40. Bb6 a5 41. Kf4 a4 42. Ke4 Rd2 43. Bc5 Rd3 44. Bb4 a3 45. Bxa3 Rxc3 46. Bd6
Rd3 47. Be5 b5 48. Kf5 Rd5 49. Ke4 Rxe5+ 0-1

[Event "Weekend Festa della Repubblica A"]
[Site "Milano ITA"]
[Date "2012.06.03"]
[Round "6"]
[White "Mondal, Prince"]
[Black "Marchini, Daniele"]
[Result "1/2-1/2"]
[WhiteElo "1812"]
[BlackElo "1846"]
[PlyCount "40"]
[EventDate "2012.05.31"]

1. e4 c5 2. Nc3 d6 3. g3 Nc6 4. Bg2 e6 5. f4 g6 6. Nf3 Bg7 7. d3 Nge7 8. O-O
O-O 9. Be3 Nd4 10. Rb1 Rb8 11. Ne2 Nec6 12. c3 Nxe2+ 13. Qxe2 b5 14. d4 cxd4
15. Nxd4 Nxd4 16. Bxd4 Bxd4+ 17. cxd4 Qb6 18. Qd2 d5 19. e5 Ba6 20. b4 Rfc8
1/2-1/2

[Event "Weekend Festa della Repubblica A"]
[Site "Milano ITA"]
[Date "2012.06.03"]
[Round "6"]
[White "Pelizzola, Danilo"]
[Black "Motola, Jacopo"]
[Result "1-0"]
[WhiteElo "2005"]
[BlackElo "1937"]
[PlyCount "115"]
[EventDate "2012.05.31"]

1. e4 c5 2. Nf3 d6 3. d4 cxd4 4. Nxd4 Nf6 5. Nc3 g6 6. Bb5+ Bd7 7. Bxd7+ Qxd7
8. O-O Bg7 9. f3 O-O 10. Be3 Nc6 11. Qd2 Rfc8 12. Nce2 a6 13. Nxc6 Qxc6 14. c3
b5 15. Rac1 Nd7 16. Nf4 Nf6 17. Rfd1 Rab8 18. Kf2 Rb7 19. g4 Rbc7 20. h4 Rd8
21. g5 Ne8 22. Nd5 Rcd7 23. Nb6 Rb7 24. Nd5 Rbd7 25. Bb6 Rb8 26. Bd4 e5 27. Be3
Nc7 28. Nxc7 Qxc7 29. Qd5 Qc4 30. b3 Qxd5 31. Rxd5 f5 32. c4 bxc4 33. Rxc4 fxe4
34. fxe4 Bf8 35. Ke2 Rb5 36. Ra4 Rxd5 37. exd5 Rc7 38. Rxa6 Rc2+ 39. Bd2 Be7
40. Kd1 Rc5 41. Ra5 Rxa5 42. Bxa5 Kf7 43. a4 Ke8 44. Ke2 Kd7 45. Kd3 Bd8 46.
Be1 Kc7 47. b4 Kb6 48. Kc4 Ka6 49. b5+ Kb7 50. a5 Ka8 51. b6 Kb7 52. Kb5 e4 53.
a6+ Kb8 54. Bf2 e3 55. Bxe3 h5 56. Kc6 Ka8 57. b7+ Kb8 58. a7# 1-0

[Event "Weekend Festa della Repubblica A"]
[Site "Milano ITA"]
[Date "2012.06.03"]
[Round "6"]
[White "Van Hoolandt, Patrick"]
[Black "Cazzaniga, Walter"]
[Result "1/2-1/2"]
[WhiteElo "2139"]
[BlackElo "2119"]
[PlyCount "56"]
[EventDate "2012.05.31"]

1. d4 Nf6 2. c4 g6 3. Nc3 Bg7 4. e4 d6 5. Nf3 O-O 6. Be2 e5 7. d5 a5 8. Bg5 h6
9. Bh4 Na6 10. Nd2 Qe8 11. O-O Nh7 12. a3 Bd7 13. b3 h5 14. f3 Bh6 15. Kh1 Be3
16. Qc2 f5 17. exf5 gxf5 18. Rae1 Qg6 19. Bd3 Qh6 20. Ndb1 Rf7 21. Nb5 Bc5 22.
Qc1 Qxc1 23. Rxc1 c6 24. N5c3 Nf8 25. Bf2 Ng6 26. Na4 Bxf2 27. Rxf2 Nf4 28. Bf1
Rc8 1/2-1/2